000
00338nam a2200145Ia 4500
005
20250729165502.0
008
250729s2003 xx 000 0 und d
041
_a
eng
082
_a
425 SHEE
100
_a
Shepheard John
_9
225008
245
_a
English Grammer
260
_a
England
_c
2003
300
_a
323p
650
_a
English
_9
225009
999
_c
236701
_d
236701